000 00342nam a22001457a 4500
003 OSt
005 20160727222422.0
008 160628b xxu||||| |||| 00| 0 eng d
040 _cTEST
100 _91288
_aScarry, R
245 _aBussy Bussy World
260 _aNEW YORK
_bWESTERN PUB.
_c1965
300 _aBussy Bussy World
942 _2ddc
_cBK
999 _c1055
_d1055